| 000 | 00375nam a2200157Ia 4500 | ||
|---|---|---|---|
| 003 | OSt | ||
| 005 | 20240119145505.0 | ||
| 008 | 170523s9999 xx 000 0 und d | ||
| 020 | _a978-9352994427 | ||
| 040 | _ciimt university meerut | ||
| 100 | _aCHERUNILAM- F | ||
| 245 | 0 | _aBUSINESS ENVIRONMENT | |
| 260 | _bBOMBAY HIMALAYA PUBLICATION | ||
| 260 | _c1996 | ||
| 942 |
_2ddc _c02 |
||
| 999 |
_c14 _d14 |
||